| 000 | 01606nam0a2200373 4500 | ||
|---|---|---|---|
| 001 | RU\NLR\bibl\336822 | ||
| 005 | 20260407081219.0 | ||
| 010 |
_a5-85165-702-2 _9230 |
||
| 021 |
_aRU _b2002-43003 _92090 |
||
| 035 | _a(NLR Aleph) 000331743 | ||
| 090 |
_a161400 _c161400 |
||
| 100 | _a20021110d2002 |||y0rusy50 ca | ||
| 101 | 0 |
_arus _aeng |
|
| 102 | _aRU | ||
| 105 | _ay ||||||||| | ||
| 200 | 1 |
_aII Совещание по исследованиям на реакторе ИБР-2, Дубна, 17-19 июня 2002 г. _eПрограмма и аннотации докл. |
|
| 210 |
_aДубна _cОИЯИ _d2002 |
||
| 215 |
_a160 с. _cил. _d29 |
||
| 300 | _aВ надзаг.: Объед. ин-т ядер. исслед., Моск. гос. ун-т им. М. В. Ломоносова | ||
| 300 | _aЧ. текста: англ. | ||
| 320 | _aБиблиогр. в конце докл. | ||
| 606 | 0 |
_aИБР-2, ядерные реакторы _jСъезды, совещания и т.п. _xЭкспериментальные исследования _92267617 _3RU\NLR\auth\661359273 |
|
| 610 | 0 | _aЯдерные реакторы исследовательские | |
| 675 |
_a621.039.5 _v3 _zrus |
||
| 686 |
_a58 _2rugasnti |
||
| 686 |
_a31.46 _2rubbk |
||
| 686 | _aЗ466.703-01-07я431 | ||
| 710 | 1 | 2 |
_aСовещание по исследованиям на реакторе ИБР-2 _d2 _f2002 _eДубна _3RU\NLR\AUTH\8810041679 _9582697 |
| 801 | 0 |
_aRU _bRKP _c20021110 _gPSBO |
|
| 801 | 1 |
_aRU _bRKP _c20021110 |
|
| 801 | 2 |
_aRU _bNLR _c20021210 _grcr |
|
| 942 | _cBOOK | ||
| 980 | _aNB | ||